000 nam a22 7a 4500
999 _c3854
_d3854
005 20170524095100.0
008 170524b1984 mau||||| |||| 00| 0 eng d
020 _a039534107
020 _a0395356148
040 _aAKMAL
082 _a808.042 FAW
090 _a808.042
_bFAW
100 1 _a Fawcett, Susan
_97609
245 1 0 _aEvergreen :
_ba guide to writing with readings /
_cSusan Fawcett
250 _a2nd ed.
264 _aBoston, MA :
_bCengage,
_c1984
300 _a414p
_ccm
500 _aIncludes index and rhetorical index
942 _2ddc
_cBOOK